Регионална библиотека "Любен Каравелов" - Русе

Бойчо Григоров (Запис номер 210883)

MARC детайли
000 -Лидер
Контролно поле с фиксирана дължина 01743nkm a2200373 c 4500
003 - Код на организацията, давaща контролен номер
Контролно поле BLK
005 - Дата и час на последна редакция
Контролно поле 20200923134715.0
008 - Елементи от данни с фиксирана дължина
fixed length control field 180412b bul rap|r|||| r0| ||bulo|
010 ## - Наследен системен номер
LC control number KNG00173330000
040 ## - Източник на каталожния запис
Идентификатор на билиотеката - собственик на записа BLK
041 ## - Код за език
Код за езика на текст/звукозапис или на отделно заглавие Български
Код за езика КДБФ Български
080 ## - УДК
Текстов определител УДК Живопис - художници
УДК код - определител по УДК 75.071.1
УДК определител (497.2)(092)
УДК - код + определител 75.071.1(497.2)(092)
080 ## - УДК
Текстов определител УДК Български художник (1916-1997)
УДК код - определител по УДК 929 Григоров, Бойчо
УДК - код + определител 929 Григоров, Бойчо
139 ## - Редно поле
Редна дума Бойчо Григоров
Авторски знак Григ - Г 82
245 10 - Сведения за заглавието
Заглавие Бойчо Григоров
Редно поле (дума) представен от Петър Симеонов Чуховски; Бойчо Григоров.
257 ## - Страна на издаване
Страна на създаване/издаване България
260 ## - Област на издателските данни
Име на издателя, разпространителя и проч. Бълг. художник
Година на издаване 1976
300 ## - Физическа характеристика
Страници 38 с.
Илюстрации и др. с репрод., портр.
Размери/Мащаб 25 см
380 ## - Жанр
Жанр Изкуство
490 1# - СЕРИИ (Колекции)
Име на серия Библиотека Съвременна българска живопис
500 ## - Общи забележки
Забележка Пълното име на художника е Бойчо Григоров Станков. - Парал. текст на рус., фр., нем., прев. Елена Лунд, Стоян Цонев, Герда Минкова. - 1 120 тир.
600 14 - Име на лице, използвано като предмет
За него / За нея Григоров, Бойчо
9 (RLIN) 352629
650 #4 - Допълнително описание по предмет – тема
Основно описание – тема или топоним Художници, български - албуми
9 (RLIN) 290224
651 #4 - Допълнително описание по предмет - топоним
Географско понятие България
9 (RLIN) 241624
653 ## - Ключова дума – ненормативна
Ключова дума български художници
653 ## - Ключова дума – ненормативна
Ключова дума пейзажи
700 1# - Други автори (авторска отговорност)
Лично име Чуховски, Петър Симеонов
Автороска отговорност (Описва отношението между автора и произведението) представен от
9 (RLIN) 379456
700 1# - Други автори (авторска отговорност)
Лично име Григоров, Бойчо
9 (RLIN) 352629
852 ## - Местоположение
Форматна сигнатура Цб 301356
856 4# - Електронен адрес и достъп
Електронен формат pdf - файл
Път до файла /url/
856 4# - Електронен адрес и достъп
Електронен формат pdf - файл
Път до файла /url/
999 ## - СИСТЕМНИ КОНТРОЛНИ НОМЕРА
Koha biblionumber 210883
Koha biblioitemnumber 210883
942 ## - АРТИКУЛИ
Вид на библиотечния материал Графични издания
Скрит в OPAC Не
Периодичен библиозапис Да
944 ## - СЪЗДАВАНЕ И РЕДАКЦИЯ на ЗАПИСА
Създаване/Редакция Създаване
Дата на регистрацията/редакция 20.03.2015
Служител, извършил регистрацията/редакцията Камелия_Данева
944 ## - СЪЗДАВАНЕ И РЕДАКЦИЯ на ЗАПИСА
Създаване/Редакция Редакция
Дата на регистрацията/редакция 17.04.2015
Служител, извършил регистрацията/редакцията Камелия_Данева
999 ## - СИСТЕМНИ КОНТРОЛНИ НОМЕРА
Koha biblioitemnumber 210883
Наличности
Код за отписване Код за изгубен артикул Източник на класификационната схема Код за повреда Коз за рестрикции Код за отдаване Артикулен № Име на библиотеката - собственик Име на библиотеката, в която се намира в момента Статус (Текущо местоположение) Дата на вписване в системата Местоположение - отдел Цена в лева Инвентарен номер Систематично азбучна сигнатура Баркод Номер на екземпляра Цена в евро Служебна бележка Служебен тип на артикула
  Не е изгубен Universal Decimal Classification Не е повреден без рестрикции заемане за дома 362636 Регионална библиотека "Любен Каравелов" Русе Регионална библиотека "Любен Каравелов" Русе Отдел Изкуство - подръчен фонд 1976-01-01 Отдел Изкуство - подръчен фонд 3.50 216635 75(497.2)(092)/Г 82 120000216635 1 1.79 Дост: Pk Вид: Ф N: стар фонд Дата: 01.01.1976 Графични издания
  Не е изгубен Universal Decimal Classification Не е повреден без рестрикции ползва се в читалня 362637 Регионална библиотека "Любен Каравелов" Русе Регионална библиотека "Любен Каравелов" Русе Хранилище 1976-01-01 Хранилище 3.50 216556 Цб 301356 120000216556 2 1.79 Дост: Dp Вид: Д N: стар фонд Дата: 01.01.1976 Графични издания
Vip Innovations Ltd, Rousse, Bulgaria 2025